01275nam a2200313Ia 4500952011800000999001700118003000400135005001700139008004100156020001500197020001800212040000900230041001300239050002300252100003100275245013900306246007200445260003800517300002900555490003500584500013000619650006700749650005600816650004300872700001400915700001100929700001400940942000700954 00102LCC4070aGETSbGETScGENd2020-09-16l0oBR746 .B4312 2011p00008744r2020-09-16 00:00:00w2020-09-16yCB c27721d27721OSt20200916115447.0200830s9999||||xx |||||||||||||| ||und|| a7100082196 a9787100082198 cGETS achiheng aBR746b.B4312 2011 aBede the Venerable, Saint 0a英吉利教会史:b = Ecclesiatical history of the English nation /c比德 (Bede the Venerable, Saint) 著; 陈维振, 周清民译 a英吉利教會史:b =Ecclesiatical history of the English nation/ a北京:b商务印书馆,c2011 a1 v. :bmap. ; c21 cm. a汉译世界学术名著丛书 aTranslation of: Historia ecclesiastica gentis Anglorum. Published in English as: Ecclesiatical history of the English nation. aCuthbert, Saint, Bishop of Lindisfarne, approximately 635-687. aCuthbert, Saint, Bishop of Lindisfarne, ca.635-687. aGreat Britain Church history 449-1066. a周清民 a比德 a陈维振 cCB